| 000 | 00710nam a22002417a 4500 | ||
|---|---|---|---|
| 005 | 20170124110055.0 | ||
| 010 | _a724264 | ||
| 020 | _c00.00 | ||
| 035 | _a724264 | ||
| 037 | _bCen. Lib./Ret. | ||
| 040 |
_aDPL _bEN |
||
| 082 |
_a954.0841 _bDES |
||
| 100 |
_aDesai, A R _9113758 |
||
| 245 |
_aRecent trends in Indian nationalism / _cby A. R. Desai |
||
| 250 | _a2nd ed. | ||
| 260 |
_aBombay _bPopular Prakshan _c1973 |
||
| 270 |
_a53c Tardeo Road _bBombay _e400034 |
||
| 300 |
_axviii,149p. : _c21cm(Hb) |
||
| 500 | _aIncludes bibliographical references and index | ||
| 650 |
_aNationalism _9113759 |
||
| 650 |
_aEconomic history _9113760 |
||
| 942 |
_2ddc _cEN _h954.0841 _mDES |
||
| 999 |
_c129418 _d129418 |
||